000 00609nas a2200205 4500
001 BR9207441
003 BR-BrBNA
005 20231205095029.0
007 ta
008 230509b bl.|||p| |||| 00| 00por d
040 _aBR-BrBNA
_bpor
_cBiblioteca Nacional de Agricultura
041 _a(Pt)
072 _aC20
100 1 _aAraujo, J.G.F. de
245 1 _aExtensao rural: fator de mudancas avesso a modificacoes
650 _aExtensao Rural
773 0 _tUFV - Debate (Brazil)
_xISSN 0102-3675
_g(Oct 1984), (no. 6) p. 33-39
_wBR9207441
909 _a202311
_bLúcia
_c55
_dLúcia Elande
942 _2AGRIS
_n0
_cANA
999 _c148352
_d148352